[Event "1st Liga Central SRB 2018"]
[Site "Kragujevac SRB"]
[Date "2018.09.15"]
[Round "2.4"]
[White "Nestorovic,De"]
[Black "Sandic,V"]
[Result "1-0"]
[WhiteElo "2340"]
[BlackElo "2324"]

1.d4 d5 2.c4 dxc4 3.e4 c5 4.d5 Nf6 5.Nc3 e6 6.Bxc4 exd5 7.exd5 Bd6 8.Qe2+ Be7
9.Bb5+ Kf8 10.Bc4 a6 11.a4 Bf5 12.Nf3 Bd6 13.O-O h6 14.Be3 Nbd7 15.h3 g5
16.Bd3 Bxd3 17.Qxd3 Kg7 18.Rfe1 Nf8 19.Nd2 Ng6 20.Rac1 a5 21.Nc4 b6 22.Nb5 Bf4
23.d6 Rb8 24.Rcd1 Re8 25.Nc7 Rf8 26.g3 Bxe3 27.Nxe3 Ne8 28.Nf5+ Kh7 29.Nxe8 Rxe8
30.d7 Rxe1+ 31.Rxe1 Rb7 32.Rd1 Ne5 33.Qd6 f6 34.Qe6 Rxd7 35.Rxd7+ Qxd7 36.Qxf6 Ng6
37.Kh2 Qc7 38.b3 Qd7 39.Kg1 Qc7 40.Kg2 Qb7+ 41.Kg1 Qc7 42.Ne3 Ne5 43.Nd5 Qg7
44.Qf5+ Kh8 45.Nxb6 Nf7 46.Nc4 Kg8 47.Qc8+ Kh7 48.Qxc5 Qc3 49.Qe3 Qb4 50.Qe6 Kg7
51.Ne3 Qe1+ 52.Kg2 Kf8 53.Qd5 Kg7 54.Qd4+ Kg8 55.Nf5  1-0

[Event "57th World Juniors 2018"]
[Site "Manavgat TUR"]
[Date "2018.09.15"]
[Round "11.59"]
[White "Huber,Mart AUT"]
[Black "Aydincelebi,Kagan"]
[Result "0-1"]
[WhiteElo "2390"]
[BlackElo "2060"]

1.d4 d5 2.c4 dxc4 3.e4 Nf6 4.e5 Nd5 5.Bxc4 Nb6 6.Bb3 e6 7.Nf3 Nc6 8.O-O Bd7
9.Nc3 Ne7 10.Ng5 Bc6 11.Qg4 Nbd5 12.Rd1 Nf5 13.Bc2 Qd7 14.Qh5 g6 15.Qe2 O-O-O
16.a3 h6 17.Nge4 g5 18.Be3 Be7 19.b4 Nh4 20.Nxd5 Qxd5 21.f3 g4 22.fxg4 Rdg8
23.Rab1 Bb5 24.Qf2 Rxg4 25.Ng3 Bc6 26.Rd2 Qd7 27.Qxf7 Nxg2 28.Rxg2 Bxg2 29.Kxg2 Qc6+
30.Kg1 Rhg8 31.Qf2 Bh4 32.b5 Bxg3 33.bxc6 Bxf2+ 34.Kxf2 Rg2+ 35.Kf3 Rxc2
36.Rxb7 Rxc6 37.Rxa7 Kd7 38.Bxh6 Rc3+ 39.Be3 Rh8 40.Ke4 Rxh2 41.Bg5 Re2+
42.Kf4 Ra2 43.Ra8 Raxa3 44.Rd8+ Kc6 45.d5+ exd5 46.e6 Rg3 47.Kf5 Raf3+ 48.Bf4 Rg7
49.Ke5 Rh7 50.Bg5 Rh5 51.Rg8 Re3+ 52.Kf6 Rxg5 53.Rxg5 Kd6  0-1

[Event "43rd Olympiad 2018"]
[Site "Batumi GEO"]
[Date "2018.09.25"]
[Round "2.9"]
[White "Bosiocic,Mari"]
[Black "Efimov,Ig"]
[Result "1-0"]
[WhiteElo "2600"]
[BlackElo "2421"]

1.d4 d5 2.c4 dxc4 3.e4 c5 4.d5 Nf6 5.Nc3 b5 6.Bf4 Qa5 7.f3 Ba6 8.a4 b4 9.Nb5 Bxb5
10.axb5 Qxb5 11.Rc1 g5 12.Bxc4 Qb6 13.Bxg5 Bg7 14.e5 Nfd7 15.f4 f6 16.Qh5+ Kd8
17.Qf7 Bf8 18.exf6 exf6 19.Bh4 Qd6 20.Ne2 Na6 21.O-O Nc7 22.Ng3 Qe7 23.d6 Qxd6
24.Rcd1 Qc6 25.Bxf6+  1-0

[Event "43rd Olympiad 2018"]
[Site "Batumi GEO"]
[Date "2018.09.26"]
[Round "3.77"]
[White "Pillay,Ragul"]
[Black "Al Thebaiti,Ahmed M"]
[Result "1/2-1/2"]
[WhiteElo "1353"]
[BlackElo "1988"]

1.d4 d5 2.c4 dxc4 3.e4 e5 4.d5 Nf6 5.Nc3 c6 6.Bxc4 b5 7.Bb3 b4 8.Nce2 Nxe4
9.Nf3 Qc7 10.O-O Bd6 11.Qc2 Nf6 12.dxc6 O-O 13.Be3 e4 14.Ng5 Qxc6 15.Qxc6 Nxc6
16.Rfd1 Be7 17.Ng3 Ng4 18.N3xe4 Nxe3 19.fxe3 Bf5 20.Nd6 Bxg5 21.Nxf5 g6 22.h4 Bf6
23.Nd6 Ne5 24.Rd4 Rad8 25.Rf1 Kg7 26.Rd5 h5 27.Rf4 a5 28.Ne4 Rxd5 29.Bxd5 Ng4
30.Nxf6 Nxf6 31.Bc4 Rc8 32.b3 Rc7 33.Rd4 Rc5 34.e4 Re5 35.Bd5 Kf8 36.Kf1 Nxd5
37.exd5 Ke7 38.d6+ Kd7 39.Kf2 f6 40.Kf3 Re8 41.Rd5 Re5 42.Rd4 Rc5 43.Rd2 Rf5+
44.Ke4 Re5+ 45.Kf4 Re6 46.Rd5 Rxd6 47.Rxa5 Rd4+ 48.Kg3 Ke6 49.Ra4 Rg4+ 50.Kf3 Kd5
51.g3 Kc5 52.Ra6 f5 53.Ra7 Kd4 54.Rc7 Kd3 55.Rc6 Kd2 56.Rc4  1/2-1/2

[Event "1st Ferreira do Alentejo"]
[Site "Ferreira do Alentejo POR"]
[Date "2018.09.29"]
[Round "6.3"]
[White "Epishin,V"]
[Black "Kunin,V"]
[Result "1/2-1/2"]
[WhiteElo "2548"]
[BlackElo "2557"]

1.d4 d5 2.c4 dxc4 3.e4 e5 4.Nf3 exd4 5.Qxd4 Qxd4 6.Nxd4 Bb4+ 7.Bd2 Bxd2+
8.Nxd2 Bd7 9.Nxc4 Nc6 10.Nxc6 Bxc6 11.O-O-O Ne7 12.f3 O-O 13.Ne5  1/2-1/2

[Event "Vasteras Open 2018"]
[Site "Vasteras SWE"]
[Date "2018.09.29"]
[Round "5.3"]
[White "Johansson,Linus"]
[Black "Lundin,J"]
[Result "1-0"]
[WhiteElo "2461"]
[BlackElo "2288"]

1.d4 d5 2.c4 dxc4 3.e4 e5 4.Nf3 exd4 5.Bxc4 Nc6 6.O-O Be6 7.Bxe6 fxe6 8.Qb3 Qd7
9.Qxb7 Rb8 10.Qa6 Nf6 11.Nbd2 Bd6 12.b3 O-O 13.Bb2 e5 14.Rfc1 Ne7 15.Bxd4 exd4
16.e5 Rb6 17.Qc4+ Nfd5 18.exd6 Rxd6 19.Re1 Kh8 20.Ne4 Nb6 21.Qd3 Rd5 22.Neg5 g6
23.Re4 h6 24.Ne6 Rf6 25.Rae1 Nc6 26.Nexd4 Rfd6 27.Qe3  1-0

[Event "43rd Olympiad 2018"]
[Site "Batumi GEO"]
[Date "2018.10.02"]
[Round "8.6"]
[White "Korobov,A"]
[Black "Bauer,Ch"]
[Result "1/2-1/2"]
[WhiteElo "2685"]
[BlackElo "2629"]

1.d4 d5 2.c4 dxc4 3.e4 Nf6 4.e5 Nd5 5.Bxc4 Bf5 6.Ne2 e6 7.O-O Nb6 8.Bb3 Nc6
9.Nbc3 Qd7 10.Be3 O-O-O 11.a4 Bb4 12.Qc1 Kb8 13.Rd1 Na5 14.Bc2 Bxc2 15.Qxc2 Qc6
16.Rac1 Qc4 17.Rb1 Nb3 18.Qd3 c5 19.Qxc4 Nxc4 20.Bg5 cxd4 21.Bxd8 Rxd8 22.Na2 Bd2
23.Nec1 Nca5 24.Nd3 f6 25.exf6 gxf6 26.Nac1 Rc8 27.Ne2 e5 28.Ng3 Nc4 29.h4 Ba5
30.Nf1 Bd2 31.f3 Be3+ 32.Kh2 f5 33.Ng3 Rf8 34.Re1 a5 35.Rbd1 Ka7 36.Re2 b5
37.axb5 Kb6 38.Rc2 Kxb5 39.Kh3 a4 40.h5 Bg5 41.Rxc4 Kxc4 42.Nxe5+ Kd5 43.Nd3 Be3
44.Ne2 Rb8 45.Nef4+ Kd6 46.g4 fxg4+ 47.fxg4 Nc5 48.Nxc5 Kxc5 49.Nd3+ Kc4
50.Kg2 Rb3 51.Ne5+ Kd5 52.Nd3 Kc4 53.Ne5+ Kd5 54.Nd3  1/2-1/2

[Event "43rd Olympiad 2018"]
[Site "Batumi GEO"]
[Date "2018.10.03"]
[Round "9.34"]
[White "O'Donnell,Conor"]
[Black "Scerbin,D"]
[Result "0-1"]
[WhiteElo "2360"]
[BlackElo "2264"]

1.d4 d5 2.c4 dxc4 3.e4 Nc6 4.Nf3 Bg4 5.d5 Ne5 6.Bf4 Ng6 7.Be3 e5 8.Bxc4 a6
9.Be2 Nf6 10.Nc3 Bd6 11.Nd2 Bxe2 12.Qxe2 O-O 13.g3 Qd7 14.Nb3 Ng4 15.Bc5 f5
16.exf5 Qxf5 17.Ne4 Nf6 18.Bxd6 cxd6 19.Nxd6 Qd7 20.Nc4 Nxd5 21.Rd1 Qh3 22.f3 Rad8
23.Nc5 b5 24.Nd2 Nb4 25.Nde4 Rxd1+ 26.Kxd1 Nc6 27.Nd2 Nd4 28.Qf2 Qc8 29.b4 a5
30.f4 axb4 31.Nde4 Rd8 32.Rf1 exf4 33.gxf4 Ne6+ 34.Ke1 Nxc5 35.Nxc5 Qf5 36.Qe3 Rc8
37.Qe6+ Qxe6+ 38.Nxe6 Re8 39.f5 Nf8 40.Kd2 Nxe6 41.fxe6 Rxe6 42.Rf2 Rc6 43.Kd3 h6
44.h4 Rc3+ 45.Kd2 Ra3 46.Rf5 Rxa2+ 47.Kc1 Rh2 48.h5 Rg2 49.Rxb5 Rg5 50.Rxb4 Rxh5
51.Kd2 Re5  0-1

[Event "43rd Olympiad 2018"]
[Site "Batumi GEO"]
[Date "2018.10.03"]
[Round "9.25"]
[White "Malisauskas,V"]
[Black "Morris,J"]
[Result "1/2-1/2"]
[WhiteElo "2443"]
[BlackElo "2494"]

1.d4 d5 2.c4 dxc4 3.e4 b5 4.a4 c6 5.Nc3 a6 6.axb5 cxb5 7.Nxb5 axb5 8.Rxa8 Bb7
9.Ra1 e6 10.Nf3 Nf6 11.Be2 Nxe4 12.O-O Qd5 13.b3 Nc3 14.bxc4 bxc4 15.Qc2 Nxe2+
16.Qxe2 Nc6 17.Qb2 Bb4 18.Bd2 Nxd4 19.Qxd4 Qxd4 20.Nxd4 Bxd2 21.Rfb1 Bc3
22.Ra4 Bxd4 23.Rxb7 O-O 24.Rxc4 Bf6 25.Rbc7 h5 26.Kf1 g5 27.Ke2 Kg7 28.Rc8 Be5
29.Rxf8 Kxf8 30.Rc5 f6 31.Rxe5 fxe5 32.Ke3 Kf7 33.Ke4 g4 34.Kxe5 Ke7 35.Kf4 Kf6
36.Ke4 Kf7 37.f3 gxf3 38.Kxf3 Kf6 39.Kf4 e5+ 40.Ke4 h4 41.g3 hxg3 42.hxg3 Kg5  1/2-1/2

[Event "43rd Olympiad 2018"]
[Site "Batumi GEO"]
[Date "2018.10.05"]
[Round "11.37"]
[White "Blackman,J"]
[Black "Volodin,Alek"]
[Result "1-0"]
[WhiteElo "2158"]
[BlackElo "2457"]

1.d4 d5 2.c4 dxc4 3.e4 Nf6 4.e5 Nd5 5.Bxc4 Nc6 6.Ne2 Nb6 7.Bb3 Bf5 8.e6 fxe6
9.Nbc3 Qd7 10.Be3 g5 11.Ng3 O-O-O 12.Qh5 Nxd4 13.Rd1 e5 14.Qxg5 e6 15.O-O Qg7
16.Nb5 Re8 17.Nxd4 exd4 18.Nxf5 Qxg5 19.Bxg5 c5 20.Ng3 Rg8 21.Ne4 Rg6 22.Rc1 Kb8
23.Bh4 Rc8 24.Bg3+ Ka8 25.Rfd1 Rc6 26.a4 a5 27.Bc4 Rg4 28.f3 Rg7 29.Bb5 Rc8
30.Bd6 Bxd6 31.Nxd6 Rcg8 32.g3 Rg5 33.Ne4 Rf5 34.Nxc5 e5 35.Bd3 Rxf3 36.Be4 Rf7
37.Nxb7 Ka7 38.Nd6 Rd7 39.Nb5+ Kb8 40.Rc6 Nd5 41.Rdc1 Rgg7 42.R1c5 d3 43.Bxd5  1-0

[Event "2nd Guimaraes Chess Open"]
[Site "Guimaraes POR"]
[Date "2018.10.07"]
[Round "7.12"]
[White "Fernandes,Miguel A. Murtinho"]
[Black "Chueca Forcen,A"]
[Result "0-1"]
[WhiteElo "2048"]
[BlackElo "2278"]

1.d4 d5 2.c4 dxc4 3.e4 Nf6 4.Nc3 e5 5.d5 c6 6.Bxc4 b5 7.Bb3 b4 8.Na4 cxd5
9.Bg5 Bb7 10.Nf3 Be7 11.exd5 e4 12.Nh4 g6 13.Qd4 Nc6 14.Qd2 Na5 15.Qf4 Nxb3
16.axb3 Nxd5 17.Qxe4 O-O 18.Bxe7 Re8 19.O-O Rxe7 20.Qd4 Rc8 21.Rfd1 Qc7 22.Qd2 Nf4
23.Re1 Rce8 24.Qxb4 Ne2+ 25.Kh1 Re4 26.Qc5 Qxh2+  0-1

[Event "34th ECC Women 2018"]
[Site "Porto Carras GRE"]
[Date "2018.10.13"]
[Round "2.3"]
[White "Socko,M"]
[Black "Balajayeva,Khanim"]
[Result "1/2-1/2"]
[WhiteElo "2451"]
[BlackElo "2326"]

1.d4 d5 2.c4 dxc4 3.e4 e5 4.Nf3 exd4 5.Bxc4 Nc6 6.O-O Be6 7.Bxe6 fxe6 8.Qb3 Qd7
9.Qxb7 Rb8 10.Qa6 Nf6 11.Nbd2 Bd6 12.b3 O-O 13.Ba3 Bxa3 14.Qxa3 e5 15.Rac1 Nh5
16.Qc5 Nf4 17.Qxc6 Qg4 18.Qc4+ Kh8 19.Ne1 Nh3+ 20.Kh1 Nxf2+ 21.Kg1 Nh3+ 22.Kh1 Nf2+
23.Kg1 Nh3+ 24.Kh1 Nf2+  1/2-1/2

[Event "St Louis Fall A 2018"]
[Site "Saint Louis USA"]
[Date "2018.10.14"]
[Round "5.4"]
[White "Lenderman,A"]
[Black "Bruzon Batista,L"]
[Result "1/2-1/2"]
[WhiteElo "2626"]
[BlackElo "2653"]

1.d4 d5 2.c4 dxc4 3.e4 e5 4.Nf3 exd4 5.Bxc4 Bb4+ 6.Nbd2 Nc6 7.O-O Nf6 8.e5 Nd5
9.Nb3 Nb6 10.Bb5 Bd7 11.a3 Be7 12.Qe2 O-O 13.Rd1 Re8 14.Bd3 Bf6 15.Bxh7+ Kxh7
16.Qd3+ Kg8 17.exf6 Qxf6 18.Bg5 Qd6 19.Nbxd4 Nxd4 20.Qxd4 Qg6 21.Bh4 Bc6
22.Bg3 Re4 23.Qd2 Rae8 24.Re1 Rxe1+ 25.Rxe1 Rxe1+ 26.Nxe1 Nd5 27.f3 b6 28.Qd4 Qe6
29.Qe5 Qxe5 30.Bxe5 f6 31.Bg3 Kf7 32.Nd3 Ke6  1/2-1/2

[Event "34th ECC Open 2018"]
[Site "Porto Carras GRE"]
[Date "2018.10.16"]
[Round "5.3"]
[White "Greenfeld,A"]
[Black "Laznicka,V"]
[Result "1-0"]
[WhiteElo "2495"]
[BlackElo "2664"]

1.d4 d5 2.c4 dxc4 3.e4 Nf6 4.e5 Nd5 5.Bxc4 Bf5 6.Qb3 c6 7.Ne2 e6 8.Bxd5 cxd5
9.Qxb7 Nd7 10.Qb3 Be7 11.Qg3 O-O 12.Nbc3 Qb6 13.O-O Rfc8 14.h4 Kh8 15.h5 f6
16.Qf3 Bc2 17.exf6 Bxf6 18.Re1 Rf8 19.Qg3 Rae8 20.b3 Bd8 21.Ba3 Bc7 22.Qh3 Bf5
23.g4 Bxg4 24.Qxg4 Ne5 25.Qh3 Nf3+ 26.Kh1 Rf6 27.Rg1 Nxg1 28.Kxg1 Qa6 29.Bc5 Rg8
30.Re1 g6 31.h6 g5 32.Ng3 g4 33.Be7 Rf3 34.Qh4 Rg6 35.Nce2 e5 36.Rc1 Bb6
37.Bd6 Rxd6 38.Qxg4 Rf7 39.Rc8+ Rd8 40.Qe6 Qxc8 41.Qxf7 Qg4 42.Qf6+ Kg8 43.Qxe5 Kf7
44.Kg2 Rd7 45.f3 Qg6 46.Nf4 Qxh6 47.Ngh5 Rd6 48.Nxd5 Rg6+ 49.Ng3 Qd2+ 50.Kh3 Qg5
51.Nxb6 Qxe5 52.dxe5 axb6 53.f4 b5 54.f5 Ra6 55.Ne4 b4 56.Ng5+ Kg8 57.f6 Ra5
58.Nf3 Rxa2 59.Kg4 Rb2 60.e6 Rxb3 61.Ne5 Ra3 62.e7  1-0

[Event "St Louis Fall B 2018"]
[Site "Saint Louis USA"]
[Date "2018.10.16"]
[Round "7.2"]
[White "Moradiabadi,E"]
[Black "Zierk,S"]
[Result "1-0"]
[WhiteElo "2534"]
[BlackElo "2506"]

1.d4 d5 2.c4 dxc4 3.e4 Nf6 4.e5 Nd5 5.Bxc4 Nc6 6.Ne2 Bf5 7.O-O Nb6 8.Bb5 e6
9.Nbc3 Be7 10.Ng3 Bg6 11.Be3 Qd7 12.d5 exd5 13.f4 f5 14.Rc1 a6 15.Bxc6 Qxc6
16.Qb3 Rd8 17.Rfd1 Nc4 18.Nxd5 Rxd5 19.Rxd5 Qxd5 20.Rxc4 c5 21.Rc3 Qxb3 22.axb3 b6
23.b4 cxb4 24.Rc7 Kf7 25.Bxb6 Ke6 26.Ne2 Re8 27.Kf2 Bf8 28.Ke3 Rb8 29.Bc5 Bxc5+
30.Rxc5 Kd7 31.Nd4 Rb6 32.h3 h5 33.Rd5+ Ke7 34.Rc5 Kd7 35.Kf3 h4 36.Ke3 Bh7
37.e6+ Kd8 38.Nc6+ Kc7 39.e7 Kd7 40.Rd5+ Kxc6 41.e8=Q+ Kxd5 42.Qd7+ Kc5 43.Qxg7 Bg6
44.Qd4+ Kc6 45.Qc4+ Kb7 46.Qd5+ Rc6 47.Qd7+ Kb6 48.Kd2 a5 49.Qd8+ Kb5 50.Qxh4 Rd6+
51.Ke3 Re6+ 52.Kf2 Rc6 53.Qe7 Rc2+ 54.Kg3 Ka4 55.Qe6 Rxb2 56.Qxg6 Rc2 57.Qxf5 b3
58.Qe4+ Ka3 59.f5 Rc3+ 60.Kh4 b2 61.f6 Rb3 62.Qb1 Rb7 63.g4  1-0

[Event "34th ECC Open 2018"]
[Site "Porto Carras GRE"]
[Date "2018.10.18"]
[Round "7.13"]
[White "Kazakovskiy,Valeriy"]
[Black "Sprenger,J"]
[Result "1-0"]
[WhiteElo "2405"]
[BlackElo "2486"]

1.d4 d5 2.c4 dxc4 3.e4 e5 4.Nf3 exd4 5.Bxc4 Nc6 6.O-O Be6 7.Bb5 Bc5 8.b4 Bb6
9.a4 a6 10.Bxc6+ bxc6 11.a5 Ba7 12.Bb2 Nf6 13.Bxd4 Nxe4 14.Bxa7 Qxd1 15.Rxd1 Rxa7
16.Nd4 Bd5 17.f3 Nd6 18.Nc3 f6 19.Rac1 Rb7 20.Nxd5 cxd5 21.Ne6 c6 22.Re1 Nc4
23.Nc5+ Re7 24.Nxa6 Kf7 25.Rxe7+ Kxe7 26.Re1+ Kf7 27.Ra1 Ra8 28.Nc5 Ra7 29.Kf2 Nd6
30.Nb3 Ke7 31.Re1+ Kf7 32.Nd4 c5 33.Nc6 Ra6 34.Nd8+ Kg6 35.bxc5 Ra8 36.cxd6 Rxd8
37.a6 Rxd6 38.Ra1 Rd8 39.a7 Ra8 40.Ke3 Kf5 41.Kd4 Ke6 42.Ra6+ Kd7 43.Kxd5  1-0

[Event "1st Goa Open 2018"]
[Site "Taleigao IND"]
[Date "2018.10.18"]
[Round "8.4"]
[White "Babujian,L"]
[Black "Popov,Iv RUS"]
[Result "1-0"]
[WhiteElo "2456"]
[BlackElo "2611"]

1.d4 d5 2.c4 dxc4 3.e4 e5 4.Nf3 exd4 5.Bxc4 Bb4+ 6.Nbd2 Nc6 7.O-O Nf6 8.e5 Nd5
9.Nb3 Nb6 10.Bb5 Bd7 11.Bf4 O-O 12.Bxc6 Bxc6 13.Nfxd4 Bd7 14.Qh5 Nd5 15.Bg3 Re8
16.Rad1 c6 17.h3 g6 18.Qe2 Bf8 19.Rfe1 Qb6 20.Nf3 Bg7 21.Qc4 Be6 22.Qh4 h6
23.Nfd2 Qb4 24.Ne4 Bf5 25.Nbc5 Bxe4 26.Nxe4 Qxb2 27.Rb1 Qxa2 28.Rxb7 Qa5
29.f4 Rab8 30.Rxb8 Rxb8 31.f5 gxf5 32.Nd6 Qd2 33.Nxf5 Rb2 34.Qe4 Nc3 35.Qf3 Ne2+
36.Kh2 Nd4 37.Nxd4 Qxd4 38.Qxc6 Kh7 39.Qf3 Qd2 40.Qe4+ Kh8 41.e6 fxe6 42.Qa8+ Kh7
43.Rxe6 Qc2 44.Re7 Rb5 45.Qxa7 Rg5 46.Qb7 Qf5 47.h4 Rg4 48.Be5 Rxh4+ 49.Kg1 Rh1+
50.Kxh1 Qh5+ 51.Kg1 Qd1+ 52.Kh2 Qh5+ 53.Kg3 Qg6+ 54.Kf4 Qg5+ 55.Kf3 Qh5+
56.Ke3  1-0

[Event "Liffre Open 2018"]
[Site "Liffre FRA"]
[Date "2018.10.21"]
[Round "2.1"]
[White "De Haan,E"]
[Black "Guliyev,N"]
[Result "1/2-1/2"]
[WhiteElo "2331"]
[BlackElo "2532"]

1.d4 d5 2.c4 dxc4 3.e4 Nf6 4.e5 Nd5 5.Bxc4 Nb6 6.Bb3 Nc6 7.Ne2 Bf5 8.Nbc3 e6
9.O-O Be7 10.Be3 Nb4 11.Nf4 c6 12.a3 N4d5 13.Ncxd5 cxd5 14.Rc1 O-O 15.g4 Bg6
16.Nxg6 fxg6 17.f4 Qd7 18.Qd3 Rac8 19.Rxc8 Rxc8 20.Rc1 Rxc1+ 21.Bxc1 Qc6
22.Bd2 Nc4 23.Bc3 b5 24.Kf2 a5 25.Bxc4 dxc4 26.Qf3 Qa6 27.f5 b4 28.fxe6 Qxe6
29.axb4 axb4 30.Qa8+ Kf7 31.Qf3+ Ke8 32.Qa8+ Kf7 33.Qf3+ Kg8 34.Qa8+ Kf7
35.Qf3+ Kg8  1/2-1/2

[Event "Texas Collegiate Superfinal"]
[Site "Lubbock USA"]
[Date "2018.10.21"]
[Round "4.3"]
[White "Torres Rosas,L"]
[Black "Dragun,K"]
[Result "0-1"]
[WhiteElo "2293"]
[BlackElo "2568"]

1.d4 d5 2.c4 dxc4 3.e4 e5 4.Nf3 Bb4+ 5.Bd2 Bxd2+ 6.Nbxd2 exd4 7.Bxc4 Nc6
8.O-O Nge7 9.Nb3 O-O 10.Nfxd4 Nxd4 11.Qxd4 Qxd4 12.Nxd4 Bd7 13.Rfd1 Rfd8
14.f3 c5 15.Nb3 b6 16.Rd6 Be6 17.Rxd8+ Rxd8 18.Rc1 Nc6 19.Bxe6 fxe6 20.Kf1 Ne5
21.Rc2 Rd1+ 22.Ke2 Rb1 23.Nc1 Nc6 24.Kd2 Nd4 25.f4 a5 26.a4 Kf7 27.g4 h5
28.gxh5 Kg8 29.Kd1 Nb3 30.e5 Kf7 31.Rc3 Nxc1 32.Rxc1 Rxb2 33.Rc3 Rb4 34.Rd3 Rxa4
35.Rd7+ Kf8 36.Rb7 Rb4 37.Rb8+ Kf7 38.Rb7+ Kg8 39.f5 exf5 40.e6 Re4 41.Rxb6 f4
42.Rb8+ Kh7 43.Rf8 a4 44.Kc2 Rxe6 45.Rxf4 Re2+ 46.Kd3 Rxh2 47.Rxa4 Rxh5 48.Ra6 Re5
49.Kc4 g6 50.Ra1 Kh6 51.Rh1+ Kg7 52.Ra1 g5 53.Ra6 g4  0-1

[Event "World Youth Open U16 2018"]
[Site "Porto Carras GRE"]
[Date "2018.10.27"]
[Round "8.2"]
[White "Esipenko,Andrey"]
[Black "Matviishen,Viktor"]
[Result "1/2-1/2"]
[WhiteElo "2609"]
[BlackElo "2476"]

1.d4 d5 2.c4 dxc4 3.e4 b5 4.a4 c6 5.axb5 cxb5 6.Nc3 a6 7.Nxb5 axb5 8.Rxa8 Bb7
9.Ra1 e6 10.Nf3 Nf6 11.Be2 Nxe4 12.O-O Nc6 13.Be3 Qd5 14.Qb1 Bb4 15.Rc1 O-O
16.b3 cxb3 17.Qb2 Na5 18.Ne5 Nd2 19.f3 Ndc4 20.Nxc4 Nxc4 21.Qxb3 Nxe3 22.Qxe3 Be7
23.Qe5 Bf6 24.Qxd5 Bxd5 25.Rab1 Bxd4+ 26.Kf1 g6 27.Bxb5 Be5 28.h3 Rb8 29.Ba6 Rd8
30.Rc8 Rxc8 31.Bxc8 Kg7 32.Ba6 Kf6 33.Ke2 Kg5 34.Rb4 Bd6 35.Rg4+ Kf6 36.Bd3 Bc6
37.Rc4 Bd5 38.Ra4 Bc5 39.Bc4 Bxc4+ 40.Rxc4 Bd6 41.Ra4 h5 42.Ra7 Bg3 43.Kd3 g5
44.Kc4 Kg6 45.Kb5 h4 46.Kc6 Bf2 47.Rb7 f6 48.Rb2 Bd4 49.Re2 Kf5 50.Kd7 e5
51.Re4 Bc3 52.Ke7 Bd4 53.Kf7 Bc3 54.Re2 Bd4 55.Rd2 Bc3 56.Re2 Bd4 57.Re4 Bc3
58.Kg7 Bd4 59.Kf7 Bc3 60.Ke7 Bd4 61.Kd6 Bc3 62.Kd5 Bd4 63.Kc4 Ke6 64.Kd3 Kf5
65.Ke2 Bg1 66.Ra4 Bd4 67.Ra6 Bg1 68.Kd3 Bf2  1/2-1/2

[Event "Chigorin Memorial 2018"]
[Site "St Petersburg RUS"]
[Date "2018.10.27"]
[Round "1.3"]
[White "Tencati,G"]
[Black "Alekseenko,K"]
[Result "0-1"]
[WhiteElo "2095"]
[BlackElo "2639"]

1.d4 d5 2.c4 dxc4 3.e4 Nf6 4.e5 Nd5 5.Bxc4 Nb6 6.Bb3 Nc6 7.Be3 Bf5 8.a3 e6
9.Nc3 Qd7 10.Rc1 O-O-O 11.Nge2 Kb8 12.O-O f6 13.f4 h5 14.Ba2 h4 15.h3 Na5
16.Nb1 Nd5 17.Qd2 Nc6 18.Bf2 g5 19.fxg5 fxg5 20.Nbc3 Nxc3 21.Qxc3 g4 22.Rcd1 Qg7
23.Nf4 gxh3 24.Nxh3 Be4 25.Nf4 h3  0-1

[Event "TCh-SUI 2018"]
[Site "Switzerland SUI"]
[Date "2018.10.27"]
[Round "8.1"]
[White "Novkovic,Mi"]
[Black "Godena,M"]
[Result "1/2-1/2"]
[WhiteElo "2368"]
[BlackElo "2505"]

1.d4 d5 2.c4 dxc4 3.e4 e5 4.Nf3 Bb4+ 5.Bd2 Bxd2+ 6.Qxd2 exd4 7.Qxd4 Qxd4
8.Nxd4 Bd7 9.Bxc4 Nc6 10.Nxc6 Bxc6 11.Nc3 Rd8 12.f3 Ne7 13.O-O Nc8 14.Rad1 Rxd1
15.Rxd1 Nd6 16.Bb3 f6 17.Kf2 Ke7 18.h4 Rd8 19.Ke3 b6 20.g4 Nf7 21.Rxd8 Nxd8
22.Bg8 h6 23.b4 Be8 24.a3 Kd6 25.Kd4 Nc6+ 26.Ke3 Ne7 27.Bc4 c5 28.b5 Ng6
29.h5 Ne5 30.Be2 Bf7 31.a4 Be6 32.Bd1 Nc4+ 33.Kf4 Ne5 34.Ke3 Nc4+ 35.Kf4 Ne5  1/2-1/2

[Event "16th Cap D'Agde Open 2018"]
[Site "Cap d'Agde FRA"]
[Date "2018.10.29"]
[Round "4.4"]
[White "Flom,Gabriel"]
[Black "Malakhatko,V"]
[Result "1/2-1/2"]
[WhiteElo "2485"]
[BlackElo "2552"]

1.d4 d5 2.c4 dxc4 3.e4 Nf6 4.e5 Nd5 5.Bxc4 Nb6 6.Bd3 Nc6 7.Ne2 Bg4 8.f3 Be6
9.Nbc3 Qd7 10.Ne4 Bd5 11.Nc5 Qc8 12.Be3 e6 13.Rc1 Bxc5 14.Rxc5 Qd7 15.a3 f6
16.exf6 gxf6 17.O-O O-O-O 18.b4 e5 19.Qc2 Kb8 20.Rc1 Qd6 21.Bf2 h5 22.Bb5 Rhg8
23.Bxc6 Bxc6 24.dxe5 fxe5 25.Ng3 a6 26.Nf5 Qe6 27.Bg3 Nd7 28.Rxc6 bxc6 29.Qxc6 Qxc6
30.Rxc6 Kb7 31.Rc2 Rde8 32.Ne3 Nb6 33.Rc5 Rg6 34.Bxe5 Rc6 35.Rxc6 Kxc6 36.Bd4 Nd5
37.Kf2 Nxe3 38.Bxe3 Kd5 39.h4 Rf8 40.Ke2 Ke5 41.Kd3 Rg8 42.Bg5 Kf5 43.a4 Rg6
44.b5 axb5 45.axb5 Rb6 46.Kc4 c6 47.bxc6 Rxc6+  1/2-1/2

[Event "ch-UKR Semi-Final 2018"]
[Site "Omelnyk UKR"]
[Date "2018.10.31"]
[Round "6.5"]
[White "Sivuk,V"]
[Black "Kutsanyan,Andranik"]
[Result "1-0"]
[WhiteElo "2545"]
[BlackElo "2252"]

1.d4 d5 2.c4 dxc4 3.e4 c5 4.d5 Nf6 5.Nc3 b5 6.Bf4 Qa5 7.a4 Nxe4 8.Ne2 Nd7
9.axb5 Qb4 10.Ra4 Nxc3 11.Nxc3 Qxb2 12.Bd2 g6 13.Ra2 Qb3 14.Qa1 Bg7 15.Be2 Nb6
16.Bd1 Qb4 17.Bf3 O-O 18.O-O Bb7 19.Rb1 Rfd8 20.Be1 Nxd5 21.Bxd5 Rxd5 22.Ra4 Rad8
23.Raxb4 cxb4 24.Rxb4 Bxc3 25.Qxc3 Rd1 26.Rxc4 R8d3 27.Qe5 Rd6 28.h3 a6 29.Kh2 axb5
30.Rc5  1-0

[Event "WCh Women 2018"]
[Site "Khanty-Mansiysk RUS"]
[Date "2018.11.03"]
[Round "1.1"]
[White "Lei Tingjie"]
[Black "Gara,A"]
[Result "1/2-1/2"]
[WhiteElo "2457"]
[BlackElo "2370"]

1.d4 d5 2.c4 dxc4 3.e4 Nf6 4.e5 Nd5 5.Bxc4 Bf5 6.Ne2 e6 7.O-O Nb6 8.Bb3 c5
9.Be3 Nc6 10.Nbc3 c4 11.Ba4 Rc8 12.Nf4 Be7 13.d5 Nxd5 14.Ncxd5 exd5 15.Qxd5 O-O
16.Qb5 Rc7 17.Rad1 Qc8 18.Nd5 Rd7 19.Qxc4 Bd8 20.b4 a6 21.Bb3 Qb8 22.f4 Ne7
23.Qe2 Nxd5 24.Bxd5 Rc7 25.g4 Bd7 26.Qg2 Be7 27.a3 Bb5 28.Rf2 Ba4 29.Rc1 Rxc1+
30.Bxc1 Qc7 31.Bb2 a5 32.Qe4 axb4 33.axb4 Qb6 34.Bc3 Bh4 35.Bd4 Bxf2+ 36.Bxf2 Qc7
37.Bc5 Rd8 38.Bd6 Qc1+ 39.Kg2 Qd2+ 40.Kg3 Qc3+ 41.Qf3 Qd2 42.Bxb7 Bd1 43.Qf2 Qd3+
44.Kh4 h6 45.f5 Kh7 46.Qf4 Bc2 47.Qf3 Qd4 48.f6 g5+  1/2-1/2

[Event "Hasselbacken Open 2018"]
[Site "Stockholm SWE"]
[Date "2018.11.03"]
[Round "6.2"]
[White "Sjodahl,P"]
[Black "Ingbrandt,J"]
[Result "1-0"]
[WhiteElo "2410"]
[BlackElo "2364"]

1.d4 d5 2.c4 dxc4 3.e4 Nc6 4.Nf3 Nf6 5.Nc3 Bg4 6.Be3 e6 7.Bxc4 Bb4 8.Qc2 O-O
9.Rd1 Bxc3+ 10.bxc3 Bxf3 11.gxf3 Nh5 12.h4 Kh8 13.f4 f5 14.Bxe6 fxe4 15.f5 Nf6
16.h5 Qd6 17.Rh4 Rae8 18.Bf4 Qd8 19.Bg3 Ne7 20.c4 Nfg8 21.h6 Nxf5 22.Bxf5 Rxf5
23.hxg7+ Kxg7 24.Rxe4 Rxe4+ 25.Qxe4 Qd7 26.Qxb7 Ne7 27.Qxc7 Qe6+ 28.Be5+ Kf7  1-0

[Event "WCh Women 2018"]
[Site "Khanty-Mansiysk RUS"]
[Date "2018.11.06"]
[Round "2.1"]
[White "Ju Wenjun"]
[Black "Krush,I"]
[Result "1-0"]
[WhiteElo "2568"]
[BlackElo "2434"]

1.d4 d5 2.c4 dxc4 3.e4 e5 4.Nf3 Bb4+ 5.Nc3 exd4 6.Qxd4 Qxd4 7.Nxd4 Nf6 8.f3 Bc5
9.Be3 Nc6 10.Nc2 Bxe3 11.Nxe3 Be6 12.Bxc4 Bxc4 13.Nxc4 O-O-O 14.Rd1 Nd7 15.Ke2 Nde5
16.Nxe5 Nxe5 17.f4 Nc6 18.Ke3 f6 19.h4 Rxd1 20.Rxd1 Rd8 21.Rc1 Rd7 22.g4 h6
23.Nd5 Ne7 24.Nxe7+ Rxe7 25.f5 Kd8 26.g5 hxg5 27.hxg5 fxg5 28.Rg1 Ke8 29.Rxg5 Kf7
30.Rg2 Rd7 31.e5 Rd1 32.Kf4 Rf1+ 33.Kg5 Ke7 34.e6 c6 35.Kg6 Rf3 36.b4 a6
37.Rd2 Rg3+ 38.Kh7 Rg5 39.Rd7+ Ke8 40.Rxb7 Rxf5 41.Kxg7 Rf4 42.Kg6 Kd8 43.Kg5 Rf2
44.a4 Rf1 45.a5 Rf2 46.Rd7+ Ke8 47.Rc7 Kd8 48.Rxc6 Rb2 49.Rb6 Ke7 50.Kf5  1-0

[Event "Third Saturday 83 GM 2018"]
[Site "Novi Sad SRB"]
[Date "2018.11.09"]
[Round "1.1"]
[White "Flom,Gabriel"]
[Black "Karthikeyan,P2"]
[Result "0-1"]
[WhiteElo "2482"]
[BlackElo "2450"]

1.d4 d5 2.c4 dxc4 3.e4 Nf6 4.e5 Nd5 5.Bxc4 Nb6 6.Bd3 Nc6 7.Ne2 Bg4 8.f3 Be6
9.Nbc3 Qd7 10.Ne4 Bd5 11.Nc5 Qc8 12.O-O e6 13.Be3 Bxc5 14.dxc5 Nc4 15.Bxc4 Bxc4
16.Rc1 Ba6 17.f4 Qd8 18.Rf2 Qxd1+ 19.Rxd1 Bxe2 20.Rxe2 Rd8 21.Rxd8+ Kxd8
22.Bf2 Nb4 23.Re4 Nd5 24.Ra4 a6 25.c6 Kc8 26.g3 Rd8 27.Kf1 Kb8 28.Ke2 b6
29.Rxa6 Nb4 30.Ra3 Nxc6 31.Rd3 Re8 32.g4 Ne7 33.Kf3 Kb7 34.a4 Nd5 35.f5 c5
36.Ke4 Kc6 37.Rh3 exf5+ 38.gxf5 g6 39.Rh6 Nf6+ 40.Kf4 Rxe5 41.fxg6 hxg6 42.Kxe5 Ng4+
43.Kf4 Nxh6 44.Kg5 Ng8 45.Bg3 b5 46.axb5+ Kxb5 47.b3 Kc6 48.Be1 Kd5 49.Bg3 Ke6
50.Bf2 Nf6 51.Bg1 Ne4+ 52.Kh6 g5 53.Kh7 f5 54.Kg6 f4 55.Kh5 Kf5  0-1

[Event "Romania 100 Open 2018"]
[Site "Alba Iulia ROU"]
[Date "2018.11.14"]
[Round "4.10"]
[White "Svetushkin,D"]
[Black "Miron,I"]
[Result "1-0"]
[WhiteElo "2605"]
[BlackElo "2075"]

1.d4 d5 2.c4 dxc4 3.e4 c5 4.d5 Nf6 5.Nc3 b5 6.Bf4 Qa5 7.Qc2 g6 8.Nf3 Bg7
9.Be2 Nxe4 10.Be5 Bxe5 11.Nxe5 Nxc3 12.bxc3 O-O 13.O-O Bb7 14.Bf3 Qc7 15.Rfe1 Nd7
16.Ng4 Nb6 17.Re5 f6 18.d6 exd6 19.Re6 Bxf3 20.gxf3 f5 21.Rae1 fxg4 22.Re7 Qc6
23.Rxh7 Rf5 24.Ree7 Qxf3 25.Qd2 Nd5 26.Rh8+  1-0